000 00614nam a2200229Ia 4500
003 OSt
005 20220924143417.0
006 a|||||r|||| 00| 0
007 ta
008 220923b |||||||| |||| 00| 0 urd d
024 _a308074
037 _cTextual
040 _aARTS
_cARTS
_burd
041 _2urd
_aurd
082 _aDelta73y7F73, 168K5
100 _aMasood Waheed
_9215694
245 0 _aSawaneh hazrat baba fareeduddin masood ganj shakar
260 _c1965
650 _aSPIRurdALISM
942 _hDelta73y7F73, 168K5
_cTEXL
_2CC
999 _c454369
_d454369